000 00379nam a2200145Ia 4500
005 20251222144725.0
008 251222s9999||||xx |||||||||||||| ||spa||
020 _a968-7529-56-3
082 _a658.403.3/A59
100 _aAnderson, David R.
245 0 _aMétodos Cuantitativos para los Negocios
250 _a7a.ed.
264 _bInternational Thomson Editores
942 _cLIB
999 _c18349
_d18349